01900cam a2200313 i 45000010009000000050017000090080041000260100017000670200037000840350024001210350021001450400079001660500022002451000026002672450102002932460036003952500017004312640048004482640009004963000047005055000068005525050143006205200685007636500033014486500021014816500016015026500024015186500044015421354749420250311153750.0230711s2023 enka 000 0 eng d a 2014021493 a9781529420364q(trade paperback) a(OCoLC)on1406103668 a(CaBVaU)13547494 aPICCLbengerdacPICCLdOCLCOdPULdOCLCOdZQPdOCLCOdOCLCQdUBCdUtOrBLW 4aHF5386b.B37 2023 aBarton, Gem,eauthor.10aDon't get a job ... make a job b: inventive career models for next-gen creatives c/ Gem Barton.3 aDo not get a job ... make a job aNew edition. 1aLondon :bLaurence King Publishing,c[2023] 4c2023 a159 pages :bcolour illustrations ;c20 cm aPrevious edition published in 2016 by Laurence King Publishing. aSelf-promotion — In Motion — Make a Difference — Specialism and Diversity — Resilience — Going It Alone and Teaming Up — Gusto aToo often a design or architecture degree is seen as a means to an end (a job in an established practice). But imagine for one moment that there are no employers, no firms to send your CV to, no interviews to be had. How would you forge your own path after graduation? Perhaps you are not a graduate at all. The most ingenious and driven designers have found ways of making opportunities for themselves across the creative disciplines-ways you can learn from too. 'Don't Get a Job' celebrates the various strategies that the next generation of creatives are taking to gain exposure, while also including interviews and inspirational advice from those who are now enjoying success. 0aDesignxVocational guidance. 0aEntrepreneurship 0aJob hunting 0aSuccess in business 0aIndustrial designxVocational guidance.